000 00605nam a2200205Ia 4500
003 GCL
008 140319s9999 xx 000 0 ara d
040 _aGCL /
_cGCL
082 0 4 _a823
_bا م
100 1 _aمختار السويفى
245 1 0 _aمزرعة الحيوان /
_cمختار السويفى
700 1 _aصبرى الفضل
700 1 _aاورويل، جورج
300 _a217 ص
490 _aمكتبة الاسرة
_v0
650 0 4 _aالقصص الانجليزية
650 0 4 _aالادب الانجليزى
650 0 4 _aالرواية الانجليزية
942 _2ddc
_cBK
999 _c50734
_d50734